| 000 | 00401 a2200169 4500 | ||
|---|---|---|---|
| 001 | 192704 | ||
| 020 | _a85-04-01014-7 | ||
| 040 | _cMagnum | ||
| 100 | _aDe Paschoal, Maria Angela A. | ||
| 240 | 1 | 0 |
_aA night of adventures _lING |
| 245 | 1 | 0 | _aA night of adventures |
| 300 | _a30 | ||
| 362 | 0 | _a2006 | |
| 440 | 1 | _aCompanhia Editora Nacional | |
| 697 | _aLITERATURA INFANTIL INGLESA | ||
| 942 | _cBK | ||
| 999 |
_c192704 _d192704 |
||